000 00680nam a2200265Ia 4500
005 20260302114254.0
008 008 260114s9999 xx 000 0 eng d
020 _a9781350163652
037 _aTextbook
040 _aCRL
040 _beng
040 _cCRL
041 _2eng
041 _aeng
084 _qCRL
100 _aJoshua Kates
_91118280
245 2 _aA New Philosophy of Discourse Language Unbound
260 _bBloomsbury
260 _bBloomsbury Academic
260 _c2020
650 _aPhilosophy
856 _uhttps://doi.org/10.5040/9781350163652?locatt=label:secondary_bloomsburyCollections
942 _cEBOOK
999 _c1681953
_d1681953